000 00810cam a2200241 4500
001 2590
005 20181127165328.0
008 990318s1999 enk b 001 0 eng d
010 _a 99185718
020 _a0415197422 (hbk)
020 _a0415197430 (pbk)
043 _aae-----
_aas-----
245 0 0 _aLaw, capitalism and power in Asia :
_bthe rule of law and legal institutions /
_cedited by Kanishka Jayasuriya.
260 _aLondon ;
_aNew York :
_bRoutledge,
_c1999.
300 _axiii, 345 p. ;
_c24 cm.
440 0 _aAsian capitalisms
504 _aIncludes bibliographical references and index.
650 0 _aCapitalism
_zEast Asia.
650 0 _aCapitalism
_zSoutheast Asia.
650 0 _aRule of law
_zEast Asia.
650 0 _aRule of law
_zSoutheast Asia.
700 1 _aJayasuriya, Kanishka,
_d1959-
999 _c2055
_d2055